শেষ রাতের সহযাত্রী / (Record no. 39413)
[ view plain ]
| 000 -LEADER | |
|---|---|
| fixed length control field | 00877nam a22002297a 4500 |
| 001 - CONTROL NUMBER | |
| control field | 39413 |
| 003 - CONTROL NUMBER IDENTIFIER | |
| rucl marc code | BD-RjUL |
| 005 - DATE AND TIME OF LATEST TRANSACTION | |
| control field | 20211209053003.0 |
| 008 - FIXED-LENGTH DATA ELEMENTS--GENERAL INFORMATION | |
| fixed length control field | 160410s2005 bg ||||| |||| 00| 1 ben d |
| 020 ## - INTERNATIONAL STANDARD BOOK NUMBER | |
| International Standard Book Number | 9841105600 |
| Terms of availability | : Tk. 250.00 |
| 035 ## - SYSTEM CONTROL NUMBER | |
| System control number | (BD-RjUL) |
| 040 ## - CATALOGING SOURCE | |
| Original cataloging agency | BD-RjUL |
| Language of cataloging | eng |
| Transcribing agency | BD-RjUL |
| 041 ## - LANGUAGE CODE | |
| Language code of text/sound track or separate title | ben |
| 082 ## - DEWEY DECIMAL CLASSIFICATION NUMBER | |
| Edition number | 23 |
| Classification number | 891.439 |
| Author mark and year | HYS 2005 |
| 100 ## - MAIN ENTRY--PERSONAL NAME | |
| Personal name | হায়দার, কুররাতুল আইন |
| 9 (RLIN) | 121497 |
| 245 ## - TITLE STATEMENT | |
| Title | শেষ রাতের সহযাত্রী / |
| Statement of responsibility, etc. | কুররাতুল আইন হায়দার, জাফর আলম অনুদিত, |
| 260 ## - PUBLICATION, DISTRIBUTION, ETC. (IMPRINT) | |
| Place of publication, distribution, etc. | ঢাকা : |
| Name of publisher, distributor, etc. | আহমদ পাবলিশিং হাউস, |
| Date of publication, distribution, etc. | ২০০৫. |
| 300 ## - PHYSICAL DESCRIPTION | |
| Pagination | ২৯৬ পৃ. ; |
| Size | ২২ সেমি. |
| 650 ## - SUBJECT ADDED ENTRY--TOPICAL TERM | |
| Topical term or geographic name as entry element | উর্দু উপন্যাস, |
| 9 (RLIN) | 121498 |
| Topical term or geographic name as entry element | Urdu Fiction, |
| 9 (RLIN) | 121499 |
| 942 ## - ADDED ENTRY ELEMENTS (KOHA) | |
| Source of classification or shelving scheme | Dewey Decimal Classification |
| Koha item type | Books |
| Lost status | Source of classification or shelving scheme | Damaged status | Not for loan | Collection code | Permanent Location | Current Location | Shelving location | Date acquired | Source of acquisition | Cost, normal purchase price | Total Checkouts | Full call number | Date last seen | Copy number | Koha item type | Date checked out |
|---|---|---|---|---|---|---|---|---|---|---|---|---|---|---|---|---|
| Dewey Decimal Classification | Not For Loan | Fiction | Central Library, University of Rajshahi | Central Library, University of Rajshahi | Reading Room | 09/04/2014 | Boi Bichitra, Rajshahi | 250.00 | B 891.439 HYS 2005 | 10/04/2016 | C-1 | Books | ||||
| Dewey Decimal Classification | Fiction | Central Library, University of Rajshahi | Central Library, University of Rajshahi | 09/04/2014 | Boi Bichitra, Rajshahi | 250.00 | 2 | B 891.439 HYS 2005 | 31/01/2019 | C-2 | Books | 09/01/2019 | ||||
| Dewey Decimal Classification | Fiction | Central Library, University of Rajshahi | Central Library, University of Rajshahi | 09/04/2014 | Boi Bichitra, Rajshahi | 250.00 | 3 | B 891.439 HYS 2005 | 14/03/2019 | C-3 | Books | 14/03/2019 |